Pilot study on training needs of farm women for identification of income generating employment opportunities at village level (Record no. 18013)
[ view plain ]
| 000 -LEADER | |
|---|---|
| fixed length control field | 00640nam a2200181Ia 4500 |
| 082 ## - DEWEY DECIMAL CLASSIFICATION NUMBER | |
| Classification number | RS.0537 |
| 100 ## - MAIN ENTRY--AUTHOR NAME | |
| Personal name | Satapathy, C. |
| 245 #0 - TITLE STATEMENT | |
| Title | Pilot study on training needs of farm women for identification of income generating employment opportunities at village level |
| Sub Title | : |
| 260 ## - PUBLICATION, DISTRIBUTION, ETC. (IMPRINT) | |
| Year of publication | 0 |
| Name of publisher | ICSSR, New Delhi |
| 300 ## - PHYSICAL DESCRIPTION | |
| Number of Pages | v.p. |
| 504 ## - BIBLIOGRAPHY, ETC. NOTE | |
| Bibliography, etc | Bibliography at the end. |
| 650 ## - SUBJECT ADDED ENTRY--TOPICAL TERM | |
| Topical Term | WOMEN IN AGRICULTURE - ORISSA |
| 650 ## - SUBJECT ADDED ENTRY--TOPICAL TERM | |
| Topical Term | AGRICULTURE - INFORMATION SERVICES - ORISSA |
| 650 ## - SUBJECT ADDED ENTRY--TOPICAL TERM | |
| Topical Term | AGRICULTURAL INNOVATIONS - ORISSA |
| 650 ## - SUBJECT ADDED ENTRY--TOPICAL TERM | |
| Topical Term | WOMEN - EMPLOYMENT - ORISSA |
| 710 ## - ADDED ENTRY--CORPORATE NAME | |
| Corporate name or jurisdiction name as entry element | Orissa University of Agriculture and Technology |
| 942 ## - ADDED ENTRY ELEMENTS (KOHA) | |
| Koha item type | Research Reports |
| Source of classification or shelving scheme | Dewey Decimal Classification |
| Withdrawn status | Lost status | Damaged status | Not for loan | Collection code | Home library | Current library | Date acquired | Bill Date | Full call number | Accession Number | Price effective from | Koha item type |
|---|---|---|---|---|---|---|---|---|---|---|---|---|
| Not For Loan | Minor Research project Reports | NASSDOC Library | NASSDOC Library | 08/10/2004 | 2004-10-05 | RS.0537 | 36994 | 18/04/2019 | Research Reports | |||
| NASSDOC Library | NASSDOC Library | 08/10/2004 | 2004-10-05 | RS.0537 | 36995 | 18/04/2019 | Research Reports |
